00353nam a2200121Ia 4500008004100000100005200041245005700093260003700150300000800187650001200195942000700207999001700214190216s9999||||xx |||||||||||||| ||und|| a"Satyendra Nath Maiti,Debi Prasad Raychaudhuri" 0aClassical Mechanics And General Properties Of Matter bNew Age International Publishers a676 aPhysics cBK c34150d34150